Normal view
MARC view
- اللغة العربية-اللغة-اسرار النحو
Entry Topical Term
001 - CONTROL NUMBER
- control field: 9380
003 - CONTROL NUMBER IDENTIFIER
- control field: JO-AjAnu
005 - DATE AND TIME OF LATEST TRANSACTION
- control field: 20230606071817.0
008 - FIXED-LENGTH DATA ELEMENTS
- fixed length control field: 230606|| aca||aabn | a|a d
040 ## - CATALOGING SOURCE
- Original cataloging agency: JO-AjAnu
- Transcribing agency: JO-AjAnu
150 ## - HEADING--TOPICAL TERM
- Topical term or geographic name entry element: اللغة العربية-اللغة-اسرار النحو
670 ## - SOURCE DATA FOUND
- Source citation: Work cat.: (JO-AjAnu)4837: تاليف بن سليمان،شمس الدين أحمد؛حققه أحمد حسن حامد, author 9379, أسرار النحو